00902nam a2200265Ia 450000500170000000800410001702000150005808200150007310000180008824500680010625000190017430000660019350000340025953400300029365000290032365000300035265000280038265000350041070000410044526400270048633600270051333700330054033800280057304000350060120220317000744.0160601s2005 ck a g 000 0 spa  a958046498704a909 bH18h1 aHaugen, Peter10aHistoria del mundo cPeter Haugen ; traducción Eduardo Brieva a1a. edición  axxiii, 456 páginas bilustraciones en blanco y negroc23 cm aIncluye índice alfabético tWorld history for dummies142LEMBaTierra xHistoria 142LEMBaHistoria universal 142LEMBaHistoria antigua 142LEMB aCivilización antigua 1 aBrieva Bustillo, Eduardoetraductor  aBogotá bNormac2005 atextobtxt2rdacontent asin mediaciónbn2rdamedia avolumenbnc2rdacarrier aCO-BoRNBPbspaerdacCO-BoRNBP